Statistics for London Underground Stations

Click here to take the quiz!

General Stats

  • This quiz has been taken 51,535 times
  • The average score is 104 of 267

Answer Stats

Station% Correct
King's Cross St. Pancras
78%
Victoria
75%
Regent's Park
71%
Euston
69%
Waterloo
69%
Bank
67%
Oxford Circus
67%
Baker Street
65%
Liverpool Street
65%
Piccadilly Circus
65%
Westminster
65%
Paddington
64%
Heathrow Terminal 4
63%
Heathrow Terminal 5
63%
Heathrow Terminals 1, 2, 3
63%
Leicester Square
63%
Camden Town
61%
Elephant & Castle
60%
Green Park
60%
London Bridge
60%
Tottenham Court Road
60%
Angel
59%
Embankment
59%
Bond Street
58%
Charing Cross
58%
Covent Garden
58%
Hyde Park Corner
58%
Wimbledon
58%
Hammersmith
56%
South Kensington
56%
West Ham
55%
Aldgate
54%
Marble Arch
54%
Acton Town
53%
Arsenal
53%
Edgware
53%
Canary Wharf
52%
Earl's Court
52%
Brixton
51%
Holborn
51%
Cockfosters
50%
Knightsbridge
50%
Marylebone
50%
St. Paul's
50%
Stratford
50%
Ealing Broadway
49%
Vauxhall
49%
Blackfriars
48%
East Ham
48%
Aldgate East
47%
St. James's Park
47%
Tower Hill
47%
Monument
46%
Oval
46%
Pimlico
46%
Uxbridge
46%
Barbican
45%
Euston Square
45%
Farringdon
45%
Moorgate
45%
Notting Hill Gate
45%
Richmond
45%
Shepherd's Bush
45%
Sloane Square
45%
Barking
44%
Clapham Common
44%
Finsbury Park
44%
Morden
44%
Temple
44%
Amersham
43%
Edgware Road
43%
Goodge Street
43%
High Street Kensington
43%
Kennington
43%
Old Street
43%
Seven Sisters
43%
Canada Water
42%
Clapham North
42%
Epping
42%
Hampstead
42%
Queensway
42%
Russell Square
42%
Southwark
42%
Upminster
42%
Cannon Street
41%
Clapham South
41%
Ruislip
41%
Archway
40%
Balham
40%
Borough
40%
Chancery Lane
40%
Fulham Broadway
40%
Gloucester Road
40%
Leyton
40%
Mansion House
40%
Mile End
40%
Queen's Park
40%
St. John's Wood
40%
Swiss Cottage
40%
Warren Street
40%
Watford
40%
Wembley Park
40%
Whitechapel
40%
Barons Court
39%
Bethnal Green
39%
East Acton
39%
Highbury & Islington
39%
Kew Gardens
39%
Lancaster Gate
39%
Mornington Crescent
39%
Tooting Bec
39%
White City
39%
Bayswater
38%
Bermondsey
38%
Finchley Road
38%
Golders Green
38%
Great Portland Street
38%
Highgate
38%
Putney Bridge
38%
Arnos Grove
37%
Chalk Farm
37%
East Finchley
37%
Harrow-on-the-Hill
37%
High Barnet
37%
Kentish Town
37%
Kilburn
37%
Leytonstone
37%
Maida Vale
37%
North Acton
37%
Tooting Broadway
37%
Canning Town
36%
Hounslow Central
36%
Hounslow East
36%
Hounslow West
36%
Lambeth North
36%
North Greenwich
36%
Stockwell
36%
Tottenham Hale
36%
West Kensington
36%
Ealing Common
35%
Holland Park
35%
Kensington (Olympia)
35%
Queensbury
35%
South Wimbledon
35%
Wembley Central
35%
West Acton
35%
Belsize Park
34%
Brent Cross
34%
Caledonian Road
34%
Chesham
34%
Finchley Central
34%
South Ealing
34%
Stanmore
34%
Upton Park
34%
West Ruislip
34%
Wood Green
34%
Alperton
33%
Bromley-by-Bow
33%
Dagenham East
33%
Dollis Hill
33%
East Putney
33%
Hainault
33%
Kingsbury
33%
Ladbroke Grove
33%
Manor House
33%
Mill Hill East
33%
Neasden
33%
Turnham Green
33%
Walthamstow Central
33%
Boston Manor
32%
Bow Road
32%
Burnt Oak
32%
Gunnersbury
32%
Ickenham
32%
North Ealing
32%
Osterley
32%
Southfields
32%
Barkingside
31%
Blackhorse Road
31%
Colliers Wood
31%
Dagenham Heathway
31%
Debden
31%
Gants Hill
31%
Hanger Lane
31%
Harrow & Wealdstone
31%
Hatton Cross
31%
Holloway Road
31%
Loughton
31%
North Harrow
31%
Parsons Green
31%
Pinner
31%
Ruislip Gardens
31%
South Harrow
31%
South Ruislip
31%
West Hampstead
31%
Woodford
31%
Chigwell
30%
Chiswick Park
30%
Colindale
30%
Grange Hill
30%
Hillingdon
30%
Kenton
30%
Latimer Road
30%
Northfields
30%
North Wembley
30%
Park Royal
30%
Rayners Lane
30%
Royal Oak
30%
Ruislip Manor
30%
Shepherd's Bush Market
30%
Southgate
30%
Theydon Bois
30%
Turnpike Lane
30%
Wimbledon Park
30%
Bounds Green
29%
Chalfont & Latimer
29%
Eastcote
29%
Goldhawk Road
29%
Greenford
29%
Hendon Central
29%
Northwood
29%
Oakwood
29%
Plaistow
29%
Ravenscourt Park
29%
Tufnell Park
29%
Upminster Bridge
29%
Upney
29%
Warwick Avenue
29%
West Brompton
29%
West Finchley
29%
Willesden Green
29%
Wood Lane
29%
Canons Park
28%
Chorleywood
28%
Croxley
28%
Elm Park
28%
Fairlop
28%
Kensal Green
28%
Kilburn Park
28%
Northolt
28%
Perivale
28%
Redbridge
28%
Rickmansworth
28%
South Woodford
28%
Stepney Green
28%
Sudbury Town
28%
West Harrow
28%
Becontree
27%
Hornchurch
27%
Moor Park
27%
Newbury Park
27%
South Kenton
27%
Willesden Junction
27%
Buckhurst Hill
26%
Harlesden
26%
Snaresbrook
26%
Totteridge & Whetstone
26%
Wanstead
26%
Northwick Park
25%
Northwood Hills
25%
Preston Road
25%
Roding Valley
25%
Stamford Brook
25%
Sudbury Hill
25%
Woodside Park
25%
Stonebridge Park
24%
Westbourne Park
24%

Score Distribution

Percentile by Number Answered

Percent of People with Each Score

Your Score History

You have not taken this quiz